| 000 | 00542nam a22001577a 4500 | ||
|---|---|---|---|
| 003 | NUST | ||
| 082 | _a610 | ||
| 100 |
_a Bilal ,Namra _9122471 |
||
| 245 |
_aDevelopment and appraisal of natural anti-coagulant coating for biomedical implants / _cNamra Bilal |
||
| 264 |
_aIslamabad: _bSMME- NUST. _c2021. |
||
| 300 |
_a58p. ; _bSoft Copy, _c30cm. |
||
| 650 | _aMS Biomedical Sciences (BMS) | ||
| 700 |
_aSupervisor : DR. MURTAZA NAJABAT ALI _9119580 |
||
| 856 | _uhttp://10.250.8.41:8080/xmlui/handle/123456789/28269 | ||
| 942 |
_2ddc _cTHE |
||
| 999 |
_c608952 _d608952 |
||